Моделлировние элементарных процессов разложения азидов металлов; Известия вузов. Физика; Т. 46, № 10

書誌詳細
Parent link:Известия вузов. Физика/ Министерство общего и профессионального образования Российской Федерации ; Томский Госуниверситет.— , 1958-.— 0021-3411
Т. 46, № 10.— 2003.— с. 88-92
その他の著者: Алукер Э. Д., Журавлев Ю. Н., Захаров В. Ю., Кравченко Н. Г., Крашенинин В. И., Поплавной А. С.
言語:ロシア語
出版事項: 2003
シリーズ:Физика конденсировнного состояния
主題:
フォーマット: 図書の章
KOHA link:https://koha.lib.tpu.ru/cgi-bin/koha/opac-detail.pl?biblionumber=419956

MARC

LEADER 00000naa2a2200000 4500
001 419956
005 20231101073323.0
035 |a (RuTPU)RU\TPU\prd\77418 
035 |a RU\TPU\prd\21652 
090 |a 419956 
100 |a 20100301a2003 k y0rusy50 ca 
101 0 |a rus 
102 |a RU 
200 1 |a Моделлировние элементарных процессов разложения азидов металлов  |f Э. Д. Алукер, Ю. Н. Журавлев, В. Ю. Захаров и др. 
225 1 |a Физика конденсировнного состояния 
320 |a Библиогр.: 20 назв. 
461 1 |0 (RuTPU)RU\TPU\prd\191  |x 0021-3411  |t Известия вузов. Физика  |f Министерство общего и профессионального образования Российской Федерации ; Томский Госуниверситет  |d 1958- 
463 1 |0 (RuTPU)RU\TPU\prd\77401  |t Т. 46, № 10  |v с. 88-92  |d 2003 
610 1 |a моделирование 
610 1 |a азиды металлов 
610 1 |a разложение 
610 1 |a октаэдрические конфигурации 
610 1 |a квантово-химические расчеты 
701 1 |a Алукер  |b Э. Д. 
701 1 |a Журавлев  |b Ю. Н. 
701 1 |a Захаров  |b В. Ю. 
701 1 |a Кравченко  |b Н. Г. 
701 1 |a Крашенинин  |b В. И. 
701 1 |a Поплавной  |b А. С. 
801 1 |a RU  |b 63413507  |c 20040123  |g PSBO 
801 2 |a RU  |b 63413507  |c 20131017  |g RCR 
942 |c BK